Chicago Bulls Championship Rosters - Statistics

General Stats
  • This quiz has been taken 114 times
  • The average score is 52 of 84
Answer Stats
Hint Answer % Correct
SG Michael Jordan
100%
SG Michael Jordan
100%
SG Michael Jordan
100%
SG Michael Jordan
100%
SG Michael Jordan
100%
SG Michael Jordan
100%
SF Scottie Pippen
100%
SF Scottie Pippen
100%
SF Scottie Pippen
100%
SF Scottie Pippen
100%
SF Scottie Pippen
100%
SF Scottie Pippen
100%
PF Dennis Rodman
98%
PF Dennis Rodman
98%
PF Dennis Rodman
98%
PG Steve Kerr
93%
PG Steve Kerr
93%
PG Steve Kerr
93%
SF Toni Kukoc
86%
SF Toni Kukoc
86%
SF Toni Kukoc
86%
PF Horace Grant
85%
PF Horace Grant
85%
PF Horace Grant
85%
C Luc Longley
80%
C Luc Longley
80%
C Luc Longley
80%
C Bill Cartwright
77%
C Bill Cartwright
77%
C Bill Cartwright
77%
PG Ron Harper
77%
PG Ron Harper
77%
PG Ron Harper
77%
PG B.J. Armstrong
75%
PG B.J. Armstrong
75%
PG B.J. Armstrong
75%
PG John Paxson
75%
PG John Paxson
75%
PG John Paxson
75%
C Bill Wennington
62%
C Bill Wennington
62%
C Bill Wennington
62%
C Brian Williams
49%
PG Corey Williams
49%
PF Scott Williams
49%
PF Scott Williams
49%
PF Scott Williams
49%
PF John Salley
47%
C Robert Parish
47%
PG Randy Brown
46%
PG Randy Brown
46%
SG Randy Brown
46%
SG Craig Hodges
45%
SG Craig Hodges
45%
SF Jud Buechler
44%
SF Jud Buechler
44%
SG Jud Buechler
44%
C Will Perdue
44%
C Will Perdue
44%
C Will Perdue
44%
PF Dickey Simpkins
42%
PF Dickey Simpkins
42%
PF Dickey Simpkins
42%
PF Stacey King
39%
PF Stacey King
39%
PF Stacey King
39%
SF Scott Burrell
35%
C James Edwards
33%
PF Jason Caffey
33%
PF Jason Caffey
33%
PF Cliff Levingston
29%
PF Cliff Levingston
29%
PF Jack Haley
29%
SG Darrell Walker
25%
SG Dennis Hopson
25%
SG Bobby Hansen
24%
PG Rusty LaRue
24%
C Joe Kleine
23%
SF Keith Booth
22%
SG Trent Tucker
22%
C Chuck Nevitt
20%
PF Ed Nealy
20%
PF Mark Randall
18%
SF Matt Steigenga
15%
No matching quizzes found
Score Distribution
Percent of People with Each Score
Percentile by Number Answered
Your Score History
You have not taken this quiz